Προσαρμογή και εμπλουτισμός λειτουργικότητας συστήματος διαχείρισης επιχειρησιακών πόρων με χρήση εσωτερικής γλώσσας προγραμματισμού : πτυχιακή εργασία

Τα σύγχρονα συστήματα επιχειρησιακών πόρων(Enterprise Resource Planning - ERP) παρέχουν εκτενή λειτουργικότητα (functionality), η οποία έχει τη μορφή ενός συνόλου δυνατοτήτων που παρέχονται σους χρήστες για την εκτέλεση διαφόρων επιχειρησιακών πόρων (π.χ. διαχείριση παραγγελιών και προμηθειών, λογισ...

Πλήρης περιγραφή

Αποθηκεύτηκε σε:
Λεπτομέρειες βιβλιογραφικής εγγραφής
Κύριος συγγραφέας: Κυριακού, Ανδρονίκη
Συγγραφή απο Οργανισμό/Αρχή: Πανεπιστήμιο Αιγαίου. Σχολή Θετικών Επιστημών. Τμήμα Μηχανικών Πληροφοριακών και Επικοινωνιακών Συστημάτων
Μορφή: Thesis Βιβλίο
Γλώσσα:Greek
Δημοσίευση: 2012.
Θέματα:
Διαθέσιμο Online:http://hdl.handle.net/11610/8689
Ετικέτες: Προσθήκη ετικέτας
Δεν υπάρχουν, Καταχωρήστε ετικέτα πρώτοι!

MARC

LEADER 00000cam a2200000 i 4500
001 1/33012
008 130716s2012 gr | ||| |||| ||gre||
035 |l 10115015 
040 |a GR-MyUA  |b gre  |e AACR2 
041 0 |a gre 
082 0 |a 658.503   |2 (22) 
100 1 |a Κυριακού, Ανδρονίκη. 
245 1 0 |a Προσαρμογή και εμπλουτισμός λειτουργικότητας συστήματος διαχείρισης επιχειρησιακών πόρων με χρήση εσωτερικής γλώσσας προγραμματισμού :   |b πτυχιακή εργασία /   |c Ανδρονίκη Κυριακού ; επιβλέπων καθηγητής Ευριπίδης Λουκής.  
260 |c 2012.  
300 |a xiii, 172 σ. :   |b εικ., πιν., διάγρ. ;   |c 30 εκ.  
500 |a Μέλη της εξεταστικής επιτροπής: Ευριπίδης Λουκής, Σπύρος Κοκολάκης, Ιωάννης Χαραλαμπίδης.  
502 |a Πτυχιακή εργασία – Πανεπιστήμιο Αιγαίου, Σάμος, 2012.  
504 |a Βιβλιογραφία: σ. 171-172.  
506 1 |a Διάθεση πλήρους κειμένου ;   |d Ενδοπανεπιστημιακή δημοσίευση.  
520 |a Τα σύγχρονα συστήματα επιχειρησιακών πόρων(Enterprise Resource Planning - ERP) παρέχουν εκτενή λειτουργικότητα (functionality), η οποία έχει τη μορφή ενός συνόλου δυνατοτήτων που παρέχονται σους χρήστες για την εκτέλεση διαφόρων επιχειρησιακών πόρων (π.χ. διαχείριση παραγγελιών και προμηθειών, λογιστική, διαχείριση αποθηκών και αποθεμάτων, προγραμματισμός και παρακολούθηση παραγωγής, κ.λ.π.). Όμως συχνά οι επιχειρήσεις χρειάζονται προσαρμογές και εμπλουτισμό λειτουργικότητας, ώστε να καλυφθούν ειδικές ανάγκες, οι οποίες δεν είναι δυνατόν να καλυφθούν μέσω αλλαγών παραμετροποίησης, πράγμα το οποίο καθιστά αναγκαία την πραγματοποίηση παρεμβάσεων προγραμματιστικού επιπέδου (=παρεμβάσεις σε επίπεδο κώδικα του συστηματος διαχείρισης επιχειρησιακών πόρων).Προς την κατεύθυνση αυτή στη διπλωματική αυτή εργασία αναλύεται η εσωτερική γλώσσα προγραμματισμού του ERP συστήματος Microsoft Navision, και στη συνέχεια πραγματοποιείται η αρχική εγκατάσταση του συστήματος για μια εταιρία και γίνεται παραμετροποίηση της αξιοποιώντας τις δυνατότητες που παρέχει το Microsoft Navision. Ακολούθως για πραγματοποίηση τροποποιήσεων και εμπλουτισμό λειτουργικότητας που δεν είναι δυνατές από την παραμετροποίηση χρησιμοποιείται η εσωτερική γλώσσα προγραμματισμού. Συγκεκριμένα με βάση τη γλώσσα αυτή πραγματοποιείται δημιουργία νέας μορφής τιμολογίου, καρτέλας λογαριασμών, ισοζυγίου και αναφορών ενηλικίωσης εισπρακτέων και πληρωτέων λογαριασμών. Τέλος, εξάγονται μια σειρά συμπερασμάτων όσον αφορά τη δυνατότητα εμπλουτισμού της λειτουργικότητας τόσο μέσω της C/SIDE όσο και μέσω του περιβάλλοντος παραμετροποίησης του Microsoft Navision. 
540 |a Κλειδωμένη η δυνατότητα αντιγραφής (copy) του κειμένου.  
610 2 0 |a University of the Aegean  |x Dissertations. 
630 0 0 |a Microsoft Navision. 
650 0 0 |a Management information systems. 
650 0 0 |a Production planning. 
700 1 |a Λουκής, Ευριπίδης Ν.  |e dgs 
710 2 |a Πανεπιστήμιο Αιγαίου.   |b Σχολή Θετικών Επιστημών.   |b Τμήμα Μηχανικών Πληροφοριακών και Επικοινωνιακών Συστημάτων. 
852 |a INST  |b SAMOS  |c DIATR  |e 20130716  |h 658.503 ΚΥΡ  |p 005300040352  |q 005300040352  |t DIE  |y 23 
852 |a INST  |b SAMOS  |c DIATR  |e 20130716  |h 658.503 ΚΥΡ  |p 005300040353  |q 005300040353  |t DIE  |y 23 
856 |u http://hdl.handle.net/11610/8689 
901 |a BIBL3-2013-2 
909 |a Σ  |b 178578 
909 |a Σ  |b 178579 
924 |a ΚΥΡΙΑΚΟΥ  |b ΑΝΔΡΟΝΙΚΗ  |y Σάμος  |z 2012-11 
970 |a ΚΟΣΙΕΡΗΣ  |b ΧΡΗΣΤΟΣ  |z 2013/07/16